| 000 | 00801nam a22002537a 4500 | ||
|---|---|---|---|
| 999 |
_c16077 _d16077 |
||
| 003 | AR-CdUCM | ||
| 008 | 190502b ||||| |||| 00| 0 spa d | ||
| 040 |
_aMUNICIPALIDAD PROVINCIAL DEL CUSCO _cBIBLIOTECA MUNICIPAL DEL CUSCO |
||
| 041 | _hru | ||
| 082 |
_22ed _a891.37 / _bT937 |
||
| 100 |
_aTurgueneff, Ivan _935351 |
||
| 245 |
_aPadres e hijos : _bnovela rusa / |
||
| 260 |
_aChile : _bOsiris, _c1933. |
||
| 300 |
_a192 páginas ; _c20 cm. |
||
| 440 |
_aColección Osiris _n21 _935352 |
||
| 505 | _aContenido: Novela Rusa. | ||
| 650 |
_aNovela Rusa _99380 |
||
| 650 |
_aLiteratura rusa _99988 |
||
| 650 |
_aEscritor ruso _935353 |
||
| 700 |
_aPérez Domenech, J. (traducción) _935354 |
||
| 700 |
_aGalasso Vicari, Hugo (prólogo) _935355 |
||
| 942 |
_2ddc _cLIBROS |
||
| 945 |
_adavv _d02/05/2019 |
||